00696cam a2200193 a 450000100100000000500170001000800410002704000300006808200140009810000350011224500430014726000690019030000210025965000260028065000300030691000340033695201170037099900150048700000629620200929153918.0741007s1972 fr 000 1 fre  aDO-SdBNPcMBUdOCoLCdDLC annbW231d1 aWalter, Georges,d1921-91758110aDes vols de Vanessa /cGeorges Walter. aParís, :bLe Cercle du Nouveau Livre. Jules Tallandier,c1972. a268 p. ;c20 cm. 4aNovela francesa91075 4aLiteratura francesa91074 aCatalogación por copia / LC 001052708MOaGRbGRcCTd2009-08-27iLF1l0onn W231dp6296-10r2020-06-25w2020-06-25y2ZPréstamo interno c6091d6091